Thực hành JavaScript
Nội dung sách bao gồm những vấn đề cơ bản của javascript, cài đặt các mã kịch bản, các kỹ thuật tiên tiến trong việc kiểm tra tính hợp lệ của dữ liệu.
Gorde:
| Egile nagusia: | |
|---|---|
| Formatua: | Liburua |
| Hizkuntza: | Undetermined |
| Argitaratua: |
Hà Nội
Lao động xã hội
2007
|
| Gaiak: | |
| Etiketak: |
Etiketa erantsi
Etiketarik gabe, Izan zaitez lehena erregistro honi etiketa jartzen!
|
| Thư viện lưu trữ: | Trung tâm Học liệu Trường Đại học Cần Thơ |
|---|
| LEADER | 00816nam a2200205Ia 4500 | ||
|---|---|---|---|
| 001 | CTU_150994 | ||
| 008 | 210402s9999 xx 000 0 und d | ||
| 020 | |c 39500 | ||
| 082 | |a 005.2762 | ||
| 082 | |b S312 | ||
| 100 | |a Nguyễn, Trường Sinh | ||
| 245 | 0 | |a Thực hành JavaScript | |
| 245 | 0 | |c Nguyễn Trường Sinh | |
| 260 | |a Hà Nội | ||
| 260 | |b Lao động xã hội | ||
| 260 | |c 2007 | ||
| 520 | |a Nội dung sách bao gồm những vấn đề cơ bản của javascript, cài đặt các mã kịch bản, các kỹ thuật tiên tiến trong việc kiểm tra tính hợp lệ của dữ liệu. | ||
| 650 | |a Javascript ( computer program language ) | ||
| 904 | |i Tuyến | ||
| 980 | |a Trung tâm Học liệu Trường Đại học Cần Thơ | ||